Peter Griffin Ancestors Picture Click Quiz Stats

Quiz not verified by Sporcle

Challenge
Share
Tweet
Score 0/16 Timer 04:00
0 Plays Today
% Correct
Jabba the Griffin
96.6%
Peter Hitler
95.4%
Ella Fitzgerald Griffin
94%
Peter the Pig
92.6%
Moses Griffin
92%
Nate Griffin
89.6%
King Arthur Griffin
88.5%
Huck Griffin
88%
% Correct
Ponce de León Griffin
87.8%
Ulysses S. Griffin
87.1%
Ur-Peter
85.1%
Willie 'Black-Eye' Griffin
84.4%
King of Denmark Griffin
82.2%
Juárez Griffin
81.9%
Angus Griffin
81.7%
Osias Griffin
68.5%

You're not logged in!

Compare scores with friends on all Sporcle quizzes.
Sign Up with Email
OR
Log In

You Might Also Like...

Show Comments

Extras

Top Quizzes Today


Score Distribution

Your Account Isn't Verified!

In order to create a playlist on Sporcle, you need to verify the email address you used during registration. Go to your Sporcle Settings to finish the process.